Sconosciuti : l'amore e la cultura omosessuale nell'Ottocento /
Sábháilte in:
| Príomhchruthaitheoir: | |
|---|---|
| Formáid: | LEABHAR |
| Teanga: | Iodáilis |
| Foilsithe / Cruthaithe: |
Roma :
Carocci,
2005
|
| Sraith: | Saggi ;
29 |
| Ábhair: | |
| Clibeanna: |
Níl clibeanna ann, Bí ar an gcéad duine le clib a chur leis an taifead seo!
|
MARC
| LEADER | 00000nam a2200000 i 4500 | ||
|---|---|---|---|
| 001 | IT\ICCU\RAV\1322361 | ||
| 003 | ItRI | ||
| 005 | 20260219120602.0 | ||
| 008 | 050407s2005 it |||||| ||||| |||||c | ||
| 015 | |2 IT |a 2005-7091 | ||
| 020 | |a 8843030280 | ||
| 040 | |b ita |c ct | ||
| 041 | 7 | |a ita |2 ISO-639-2 | |
| 082 | |a 306.766 |2 21 | ||
| 100 | 1 | |a Robb, Graham |0 IT\ICCU\TO0V\152961 |4 aut | |
| 240 | 1 | 0 | |a Strangers. |9 Robb, Graham |
| 245 | 1 | 0 | |a Sconosciuti : |b l'amore e la cultura omosessuale nell'Ottocento / |c Graham Robb. |
| 260 | |a Roma : |b Carocci, |c 2005 | ||
| 300 | |a 365 p. : |b ill. ; |c 22 cm | ||
| 500 | |a Trad. di Maria Baiocchi. | ||
| 650 | 7 | |a Omosessualità |x Sec. 19. |2 scbi | |
| 830 | 0 | |a Saggi ; |v 29 |0 IT\ICCU\RMS\0074336 | |
| 942 | |2 ddc |c BK | ||
| 952 | |0 0 |1 0 |2 ddc |4 0 |6 306_766000000000000_ROB_SCO |7 1 |9 3537 |a RN |b RN |d 2025-03-02 |l 0 |o 306.766 ROB SCO |p 10796 |r 2025-03-02 17:04:40 |w 2025-03-02 |x Donazione di Giovanni Rimondini |y BK |z Donazione di Giovanni Rimondini | ||
| 952 | |0 0 |1 0 |2 ddc |4 0 |6 SSR_03ROBGRSCO11 |7 0 |9 4786 |a MI |b MI |d 2005-04-15 |i 4864 |l 0 |o SSR03-ROBGR-SCO11 |p CDOM4864 |r 2025-07-07 11:14:16 |w 2025-07-07 |x ACQUISTO |y BK | ||
| 952 | |0 0 |1 0 |4 0 |6 DOC_306_766000000000000_ROB |7 0 |9 15866 |a BO |b BO |d 2026-01-15 |i 17924 |l 0 |o DOC 306.766 ROB |p BO17924 |r 2026-01-15 23:19:11 |w 2026-01-15 |x [Sebina 5] [1 v.] |y BK |z 1 v. | ||
| 999 | |c 3994 |d 3994 | ||